Statistiques concernant Arrêts de la ligne C4 de Grenoble (TAG)

Cliquez ici pour prendre le quiz!

Statistiques générales

  • Ce quiz a été pris 29 fois
  • Le résultat moyen est 7 sur 17

Statistiques - réponses

HintRéponse% Correct
GrenobleVictor Hugo
93%
GrenobleChavant
78%
GrenobleDocteur Martin
70%
EybensLe Verderet
67%
EybensOdyssée
52%
EybensMaisons Neuves
41%
GrenobleBajatière
37%
GrenobleDriant
37%
GrenoblePonsard
37%
GrenobleTeisseire
33%
EybensLe Bourg
30%
EybensGénéral de Gaulle
26%
GrenobleMallifaud
26%
GrenobleJean Racine
19%
EybensVal d'Eybens
19%
GrenoblePaul Claudel
15%
EybensLes Javaux
11%

Distribution des résultats

Percentile par nombre de réponses

% des personnes avec chaque résultat

Votre développement - résultats

Vous n’avez pas pris ce quiz